[Event "Tourn. n9677"]
[Site "www.chess-mail.com"]
[Date "2018.04.03"]
[Round "1"]
[White "Tartan"]
[Black "Drawlward"]
[WhiteElo "2550"]
[BlackElo "2520"]
[Result "1/2-1/2"]
[Round "1"]
1.e4 c5
2.Ng1f3 Nb8c6
3.d4 cxd4
4.Nf3xd4 Ng8f6
5.Nb1c3 e5
6.Nd4b5 d6
7.Bc1g5 a6
8.Nb5a3 b5
9.Nc3d5 Bf8e7
10.Bg5xf6 Be7xf6
11.c3 O-O
12.Na3c2 Bf6g5
13.a4 bxa4
14.Ra1xa4 a5
15.Bf1c4 Ra8b8
16.b3 Kh8
17.Nc2e3 Nc6e7
18.Nd5xe7 Qd8xe7
19.Ne3d5 Qe7d8
20.Qd1a1 f5
21.exf5 Bc8xf5
22.O-O Rb8a8
23.Qa1a2 Bf5d7
24.Ra4a3 Bd7c6
25.Rf1a1 e4
26.Ra3xa5 Bc6xd5
27.Bc4xd5 Ra8xa5
28.Qa2xa5 Qd8f6
29.Qa5b5 Qf6xf2
30.Kh1 Qf2f5
31.Qb5c4 e3
32.Bd5f3 Bg5f6
33.Bf3e2 Qf5c2
34.Ra1f1 h6
35.Kg1 Rf8d8
36.b4 d5
37.Qc4d3 Qc2xd3
38.Be2xd3 Bf6xc3
39.b5 Bc3d4
40.Bd3e2 Bd4b6
{ draw }
1/2-1/2

[Event "Tourn. n9703"]
[Site "www.chess-mail.com"]
[Date "2018.04.03"]
[Round "1"]
[White "Hundegana"]
[Black "Bigrezi"]
[WhiteElo "2010"]
[BlackElo "2250"]
[Result "1-0"]
[Round "1"]
1.e4 e5
2.c4 Bf8c5
3.Qd1f3 Nb8c6
4.Ng1e2 d6
5.h3 Bc8e6
6.b3 Qd8f6
7.Qf3xf6 Ng8xf6
8.Ne2g3 Nc6b4
9.Nb1a3 h5
10.d3 O-O-O
11.Bf1e2 Bc5d4
12.Ra1b1 Nb4xa2
13.Bc1d2 Na2c3
14.Bd2xc3 Bd4xc3
15.Kd1 Kb8
16.b4 Bc3d4
17.Rh1f1 h4
18.Ng3f5 Be6xf5
19.exf5 d5
20.c5 Nf6h5
21.Be2xh5 Rh8xh5
22.f6 gxf6
23.Na3b5 Rd8g8
24.Nb5xd4 exd4
25.Rf1g1 Rh5f5
26.Ke2 Rg8e8
27.Kf1 Rf5e5
28.f3 f5
29.g3 hxg3
30.Rg1xg3 Re5e3
31.Rb1d1 Kc8
32.Kf2 Re3e2
33.Kf1 Re2b2
34.Rg3g2 Rb2xb4
35.Rg2g7 Re8e3
36.Kf2 Rb4b2
37.Kg3 f4
38.Kxf4 Rb2f2
39.Rg7g3 Kd7
40.Kg4 Kc6
41.h4 Kxc5
42.h5 Re3e6
43.Kg5 Rf2h2
44.f4 Kd6
45.f5 Re6e3
46.Rg3xe3 dxe3
47.Rd1e1 d4
48.Kf6 Rh2xh5
49.Re1a1 e2
50.Ra1e1 Rh5h2
51.Kxf7 Ke5
52.f6 Rh2h7
53.Kg6 Rh7h8
54.Re1xe2 Kf4
55.f7 Kf3
56.Re2e8 { resign }
1-0

[Event "Tourn. n9756"]
[Site "www.chess-mail.com"]
[Date "2018.04.03"]
[Round "1"]
[White "Odin"]
[Black "Caroluigi"]
[WhiteElo "1820"]
[BlackElo "1870"]
[Result "0-1"]
[Round "1"]
1.d4 Ng8f6
2.c4 e6
3.Nb1c3 d5
4.Bc1f4 c6
5.a3 Bf8d6
6.Bf4d2 O-O
7.h3 Nb8d7
8.Ng1f3 Rf8e8
9.e3 e5
10.cxd5 exd4
11.Nf3xd4 cxd5
12.Qd1b3 Nd7c5
13.Qb3d1 Bd6e5
14.Nd4f3 Bc8f5
15.Bf1b5 Nc5d3
16.Ke2 Nd3xb2
17.Qd1b3 Qd8b6
18.Nf3xe5 Re8xe5
19.Qb3xb2 d4
20.Nc3a4 d3
21.Bb5xd3 Bf5xd3
22.Kd1 Qb6xb2
23.Na4xb2 Re5d5
24.Ra1c1 Ra8d8
25.Ke1 Bd3e4
26.Bd2c3 Rd8c8
27.f3 Rd5c5
28.Nb2a4 Rc5c4
29.fxe4 Rc4xa4
30.Bc3b2 Rc8xc1
31.Bb2xc1 Nf6xe4
32.Bc1b2 Ra4c4
33.Bb2d4 Rc4c1
{ resign }
0-1

[Event "Tourn. n9758"]
[Site "www.chess-mail.com"]
[Date "2018.04.03"]
[Round "1"]
[White "Andychesston"]
[Black "Sefj"]
[WhiteElo "2000"]
[BlackElo "2180"]
[Result "1-0"]
[Round "1"]
1.e4 e5
2.Ng1f3 Ng8f6
3.Nb1c3 Bf8c5
4.Nf3xe5 d5
5.d4 Bc5b4
6.a3 Bb4xc3
7.bxc3 dxe4
8.Bf1c4 O-O
9.Bc1g5 Nb8d7
10.O-O Nd7xe5
11.dxe5 Qd8xd1
12.Ra1xd1 Nf6e8
13.Rd1d8 Bc8e6
14.Rd8xa8 Be6xc4
15.Rf1e1 b6
16.Bg5e7  { time }
1-0

[Event "Tourn. n9762"]
[Site "www.chess-mail.com"]
[Date "2018.04.03"]
[Round "1"]
[White "Sefj"]
[Black "Orhany24"]
[WhiteElo "2060"]
[BlackElo "2080"]
[Result "0-1"]
[Round "1"]
1.e4 c5
2.f4 Nb8c6
3.c3 d5
4.exd5 Qd8xd5
5.Qd1f3 Qd5d8
6.Bf1c4 Ng8f6
7.h3 e5
8.fxe5 Nc6xe5
9.Qf3e2 Qd8e7
 { time }
0-1

[Event "Match"]
[Site "www.echecsemail.com"]
[Date "2018.04.03"]
[Round "1"]
[White "Mitja"]
[Black "Sefj"]
[WhiteElo "1970"]
[BlackElo "2080"]
[Result "1-0"]
[Round "1"]
1.d4 c6
2.e3 e5
3.dxe5 Qd8a5
4.c3 Qa5xe5
5.Ng1f3 Qe5e7
6.Nb1d2 f5
7.Nd2b3 f4
8.Bf1e2 fxe3
9.Bc1xe3 d5
10.O-O Bc8g4
11.Be3c5 Qe7f6
12.Bc5xf8 Qf6xf8
13.Rf1e1 Ng8e7
14.Nf3e5 Bg4xe2
15.Qd1xe2 b6
16.Qe2h5 g6
17.Qh5g4 Qf8f5
18.Qg4g3 O-O
19.Nb3d4 Qf5h5
20.Nd4e6 Rf8c8
21.Qg3f4 Ne7f5
22.Ne6d4 c5
23.Nd4xf5 gxf5
24.Ra1d1 Rc8d8
25.Rd1d3 Nb8a6
26.Rd3h3 Qh5e8
27.Qf4xf5 Qe8e7
28.Qf5g4  { time }
1-0

[Event "Match"]
[Site "www.echecsemail.com"]
[Date "2018.04.03"]
[Round "1"]
[White "Sefj"]
[Black "Estonia"]
[WhiteElo "2140"]
[BlackElo "1980"]
[Result "0-1"]
[Round "1"]
1.e4 c5
2.d4 e6
3.Ng1f3 Ng8f6
4.e5 Nf6d5
5.b3 d6
6.dxc5 dxc5
7.Bc1b2 Nb8c6
8.Nb1c3 Bf8e7
9.Nc3xd5 exd5
10.Bf1d3 Bc8g4
11.h3 Bg4xf3
12.Qd1xf3 d4
13.Qf3h5 Qd8d5
14.O-O Qd5xe5
15.Qh5g4 O-O
 { time }
0-1

[Event "Match"]
[Site "www.echecsemail.com"]
[Date "2018.04.03"]
[Round "1"]
[White "Gegonz"]
[Black "Karlgrocer"]
[WhiteElo "1610"]
[BlackElo "2030"]
[Result "1/2-1/2"]
[Round "1"]
1.Ng1f3 d5
2.c4 dxc4
3.g3 Bc8d7
4.Bf1g2 Bd7c6
5.Nb1c3 a6
6.b3 cxb3
7.axb3 Ng8f6
8.d3 e6
9.O-O Bf8e7
10.e4 O-O
11.Nf3e5 Nf6d7
12.Ne5c4 Be7b4
13.Bc1b2 Bb4xc3
14.Bb2xc3 b5
15.Nc4e3 Nd7f6
16.Ra1c1 Bc6b7
17.Bc3xf6 gxf6
18.b4 e5
19.Qd1g4 Kh8
20.Ne3f5 Rf8g8
21.Qg4h5 Rg8g6
22.Rf1d1 Nb8c6
23.Rc1b1 { draw }
1/2-1/2

[Event "Match"]
[Site "www.echecsemail.com"]
[Date "2018.04.03"]
[Round "1"]
[White "Billyg"]
[Black "Azorau"]
[WhiteElo "1770"]
[BlackElo "1810"]
[Result "0-1"]
[Round "1"]
1.e4 e5
2.Ng1f3 Nb8c6
3.Bf1b5 Nc6d4
4.Nf3xd4 exd4
5.c3 a6
6.Bb5a4 c6
7.cxd4 Qd8e7
8.d3 h6
9.O-O Ng8f6
10.Rf1e1 g6
11.e5 Nf6d5
12.Nb1c3 Nd5xc3
13.Qd1c2 Nc3d5
14.a3 d6
15.Ba4xc6 Bc8d7
16.Bc1d2 Kd8
17.exd6 Qe7xd6
18.Bc6xb7 Ra8b8
19.Bb7xd5 Qd6xd5
20.Ra1c1 Bf8d6
21.g3 Bd7h3
22.f3 Qd5xf3
23.Bd2a5 Kd7
24.Qc2a4 Rb8b5
25.Rc1c2 Rh8c8
26.Rc2f2 Qf3xd3
27.Rf2d2 Qd3f3
28.Rd2f2 Qf3d5
29.Ba5c3 Kd8
30.Qa4c2 Bh3f5
31.Qc2a4 Rc8a8
32.b4 Bf5d7
33.Qa4c2 Bd7c6
34.Kf1 Qd5h1
35.Ke2 Qh1e4
36.Qc2xe4 Bc6xe4
37.Rf2xf7 Ra8c8
38.Bc3d2 Rc8c2
39.Re1f1 Rb5d5
40.Rf7a7 Rd5xd4
41.Rf1d1 Be4d3
42.Ke3 Bd6e5
43.b5 axb5
44.Bd2a5 Ke8
45.Ra7a8 Ke7
46.Rd1xd3 Rd4c4
47.Ba5d8 Kf7
48.Ra8a7 Ke6
49.Ra7e7 Kf5
50.Kf3 Rc4c3
51.g4 Kf6
52.Re7c7 Ke6
53.Rc7xc3 Be5xc3
 { time }
0-1

[Event "1/64 Finale"]
[Site "www.chess-mail.com"]
[Date "2018.04.03"]
[Round "1"]
[White "Sefj"]
[Black "Julian"]
[WhiteElo "2180"]
[BlackElo "1940"]
[Result "0-1"]
[Round "1"]
1.Ng1f3 d6
2.e4 Ng8f6
3.Qd1e2 Nb8d7
4.d4 e5
5.c3 Bf8e7
6.Nb1a3 c6
7.dxe5 dxe5
8.Na3c4 Qd8c7
9.Qe2d3 O-O
10.Bc1e3 Rf8d8
11.Qd3c2 Nf6g4
12.Be3d2 b5
13.Nc4e3 Nd7c5
 { time }
0-1

[Event "Fast Game"]
[Site "www.echecsemail.com"]
[Date "2018.04.03"]
[Round "1"]
[White "Picifarkinca"]
[Black "Attatroll"]
[WhiteElo "1860"]
[BlackElo "1730"]
[Result "1-0"]
[Round "1"]
1.e4 d6
2.d4 Ng8f6
3.f3 g6
4.c4 Bf8g7
5.Nb1c3 O-O
6.Bc1e3 Nb8c6
7.g4 Nc6b4
8.a3 Nb4a6
9.b4 c6
10.Ng1e2 Na6c7
11.Ne2g3 b6
12.Qd1d2 Bc8b7
13.Be3h6 d5
14.e5 Nf6d7
15.h4 Nc7e6
16.Bf1e2 dxc4
17.Be2xc4 Ne6xd4
18.Qd2xd4 Bg7xh6
19.g5 Bh6g7
20.O-O-O Nd7xe5
21.Qd4xd8 Ra8xd8
22.Bc4e2 c5
23.Nc3e4 Ne5c4
24.Be2xc4 Bg7d4
25.b5 Kg7
26.h5 gxh5
27.Ng3f5 Kg8
28.Nf5xe7 Kh8
29.Bc4d3 Rf8e8
30.Ne7f5 Re8e5
31.Nf5xd4 Rd8xd4
32.Rh1xh5 Bb7xe4
33.Bd3xe4 f5
34.g6 { resign }
1-0

[Event "Tourn. n9751"]
[Site "www.chess-mail.com"]
[Date "2018.04.04"]
[Round "1"]
[White "Sbb"]
[Black "Sefj"]
[WhiteElo "2640"]
[BlackElo "2319"]
[Result "1-0"]
[Round "1"]
1.d4 e6
2.c4 c5
3.d5 exd5
4.cxd5 Qd8h4
5.Ng1f3 Qh4b4
6.Bc1d2 Qb4xb2
7.Nb1c3 Qb2b6
8.e4 g6
9.e5 Bf8h6
10.Nc3e4 Bh6xd2
11.Qd1xd2 Nb8a6
12.Bf1xa6 bxa6
13.O-O Ra8b8
14.Qd2f4 f5
15.exf6 Kf8
16.f7  { time }
1-0

[Event "Tourn. n9696"]
[Site "www.chess-mail.com"]
[Date "2018.04.04"]
[Round "1"]
[White "Falcoale"]
[Black "Passaroa25"]
[WhiteElo "1900"]
[BlackElo "1660"]
[Result "1-0"]
[Round "1"]
1.e4 Nb8c6
2.d4 e6
3.Ng1f3 f6
4.Bf1c4 Ng8e7
5.O-O Ne7g6
6.Rf1e1 Bf8e7
7.a3 Nc6a5
8.Bc4d3 O-O
9.b4 Na5c6
10.c3 d6
11.Bc1b2 Bc8d7
12.Nb1d2 Ng6f4
13.Bd3f1 g5
14.Nd2c4 b6
15.g3 Nf4g6
16.Bf1g2 Qd8b8
17.e5 dxe5
18.dxe5 Nc6xe5
19.Nf3xe5 Ng6xe5
20.Nc4xe5 fxe5
21.Bg2xa8 Qb8xa8
22.Re1xe5 Bd7c8
23.Bb2c1 Qa8c6
24.Bc1xg5 Rf8f5
25.Re5xf5 exf5
26.Bg5xe7 Qc6xc3
27.Qd1d8 Kg7
28.Ra1d1 Qc3xa3
29.Qd8xc8 Qa3c3
30.Qc8f8 Kg6
31.Qf8g8 Qc3g7
32.Qg8xg7 Kxg7
33.Be7d8 c5
34.bxc5 bxc5
35.Rd1d7 Kg6
36.Rd7xa7 Kh5
37.Ra7xh7 Kg6
38.h4 Kxh7
39.Kf1 c4
40.Ke2 Kg6
41.Bd8g5 c3
42.Kd3 c2
43.Kxc2 Kh5
44.Kd3 Kg4
45.Ke3 Kh3
46.Kf4 Kg2
47.h5 Kxf2
48.h6 { resign }
1-0

[Event "Tourn. n9686"]
[Site "www.chess-mail.com"]
[Date "2018.04.04"]
[Round "1"]
[White "Liencam2"]
[Black "Sahlapalat"]
[WhiteElo "2290"]
[BlackElo "2090"]
[Result "1-0"]
[Round "1"]
1.e4 c5
2.Nb1c3 Nb8c6
3.Bf1b5 e6
4.Bb5xc6 dxc6
5.f4 Ng8f6
6.d3 Bf8e7
7.Ng1f3 O-O
8.Bc1e3 Nf6g4
9.Be3g1 b6
10.Qd1e2 Qd8c7
11.h3 Ng4f6
12.Qe2e3 b5
13.Bg1h2 Qc7b6
14.O-O-O a5
15.g4 a4
16.e5 Nf6d5
17.Nc3xd5 cxd5
18.d4 Bc8d7
19.Bh2g1 Rf8c8
20.Rh1h2 b4
21.dxc5 Be7xc5
22.Nf3d4 b3
23.axb3 axb3
24.c3 Ra8a1
25.Kd2 Ra1xd1
26.Kxd1 Rc8a8
27.Rh2d2 Ra8a1
28.Ke2 Bd7b5
29.Kf3 h5
30.Bg1h2 g6
31.gxh5 Ra1f1
32.Kg4 gxh5
33.Kxh5 Qb6d8
34.Qe3g3 Kh8
35.Rd2g2 Qd8f8
36.Nd4xb5 Bc5e7
37.Qg3d3 Rf1a1
38.Nb5d4 Ra1a6
39.Qd3xa6 { resign }
1-0

[Event "Tourn. n9712"]
[Site "www.chess-mail.com"]
[Date "2018.04.04"]
[Round "1"]
[White "Sportuga"]
[Black "Tobernor"]
[WhiteElo "2380"]
[BlackElo "2250"]
[Result "1/2-1/2"]
[Round "1"]
1.e4 e5
2.Ng1f3 Nb8c6
3.Bf1b5 d6
4.O-O Bc8d7
5.d4 exd4
6.Bb5xc6 Bd7xc6
7.Nf3xd4 Bf8e7
8.Nb1c3 Be7f6
9.f3 Ng8e7
10.Bc1e3 Bc6d7
11.Qd1d2 O-O
12.Ra1d1 a6
13.Nd4e2 Rf8e8
14.Ne2f4 b5
15.a3 a5
16.Nf4h5 Bf6e5
17.f4 Bd7g4
18.fxe5 Bg4xh5
19.exd6 cxd6
20.Rd1e1 Ra8b8
21.b4 axb4
22.axb4 Bh5g6
23.Be3f4 Qd8b6
{ draw }
1/2-1/2

[Event "Tourn. n9718"]
[Site "www.chess-mail.com"]
[Date "2018.04.04"]
[Round "1"]
[White "Wegaman"]
[Black "Falcoale"]
[WhiteElo "2040"]
[BlackElo "1960"]
[Result "1-0"]
[Round "1"]
1.d4 Ng8f6
2.c4 e6
3.Nb1c3 b6
4.e3 Bc8b7
5.Ng1f3 Nb8c6
6.Bf1e2 Bf8b4
7.O-O O-O
8.a3 Bb4e7
9.Rf1e1 d5
10.Bc1d2 Bb7a6
11.cxd5 Ba6xe2
12.Re1xe2 Nf6xd5
13.Qd1c2 Be7d6
14.Ra1d1 Nc6e7
15.e4 Nd5xc3
16.bxc3 Ne7g6
17.a4 Ng6f4
18.Re2e1 Nf4g6
19.h4 Bd6e7
20.h5 Ng6h8
21.h6 gxh6
22.Bd2xh6 Rf8e8
23.e5 Be7f8
24.Bh6g5 Bf8e7
25.Qc2d2 Nh8g6
26.Bg5h6 a5
27.Re1e4 Be7f8
28.Re4g4 Bf8g7
29.Qd2e3 Qd8d7
30.Nf3h4 f5
31.exf6 Bg7xf6
32.Nh4xg6 hxg6
33.Rg4xg6 Kh8
34.Rg6xf6 c6
35.Qe3e5 Kg8
36.Rd1d3 Re8e7
37.Rf6g6 Kh7
38.Qe5h5 { resign }
1-0

[Event "Tourn. n9744"]
[Site "www.chess-mail.com"]
[Date "2018.04.04"]
[Round "1"]
[White "Sefj"]
[Black "Odin"]
[WhiteElo "1809"]
[BlackElo "1850"]
[Result "0-1"]
[Round "1"]
1.Ng1f3 c5
2.c4 Nb8c6
3.d4 d6
4.dxc5 dxc5
5.Qd1xd8 Nc6xd8
6.e4 Nd8e6
7.Nb1a3 a6
8.Bc1e3 Ng8f6
9.Bf1d3 h6
10.h3 Nf6d7
11.O-O b6
12.Na3c2 Bc8b7
13.Ra1d1 Nd7f6
14.Nf3d2 Ra8d8
15.Bd3e2 Nf6xe4
16.Nd2xe4 Rd8xd1
17.Ne4f6 gxf6
18.Rf1xd1 Rh8g8
19.Be2h5 Bb7xg2
20.Kh2 Bg2e4
 { time }
0-1

[Event "Match"]
[Site "www.echecsemail.com"]
[Date "2018.04.04"]
[Round "1"]
[White "Iko"]
[Black "Silikon"]
[WhiteElo "1650"]
[BlackElo "1750"]
[Result "1-0"]
[Round "1"]
1.e4 e5
2.Ng1f3 Nb8c6
3.Bf1b5 Ng8f6
4.Qd1e2 d5
5.Nf3xe5 a6
6.Ne5xc6 Qd8d7
7.exd5 Bf8e7
8.Nc6xe7 axb5
9.Ne7g6 Kd8
10.Ng6xh8 Qd7xd5
11.Nb1c3 Qd5xg2
12.Qe2f1 Qg2f3
13.Nh8xf7 Ke7
14.Nf7g5 Qf3f5
15.Qf1xb5 Qf5xc2
16.Qb5e5 Kf8
17.Qe5xc7 Bc8d7
18.Qc7xb7 Ra8e8
19.Nc3e2 h6
20.Ng5f3 Bd7a4
21.b3 Qc2d3
22.Qb7b4 Re8e7
23.Qb4c4 Qd3xf3
24.O-O Ba4d7
25.Bc1a3 Bd7h3
26.Ba3xe7 Kxe7
27.Ne2f4 Nf6g4
28.Rf1e1 Kd8
29.Qc4d4 Kc8
30.Ra1c1 Kb7
31.Qd4b4 Ka6
32.Re1e6 Ka7
33.Rc1c7 Ka8
34.Re6e8 { resign }
1-0

[Event "Match"]
[Site "www.echecsemail.com"]
[Date "2018.04.04"]
[Round "1"]
[White "Sefj"]
[Black "Guidom"]
[WhiteElo "2180"]
[BlackElo "2100"]
[Result "0-1"]
[Round "1"]
1.Ng1f3 d5
2.e4 dxe4
3.Nf3g5 f5
4.Bf1c4 Ng8h6
5.c3 Nb8c6
6.Qd1b3 Nc6e5
7.Qb3b5 Ne5c6
8.Bc4e6 a6
9.Qb5b3 Qd8d6
10.Be6xc8 Ra8xc8
11.Qb3xb7 Rc8b8
12.Qb7xa6 e5
13.O-O Bf8e7
14.h4 Be7xg5
15.hxg5 Nh6g4
16.b3 O-O
17.Bc1a3 Qd6g6
18.Ba3xf8 Rb8xf8
19.f3 exf3
20.Rf1xf3 e4
21.Rf3h3 f4
22.Qa6e2 Ng4e5
23.Qe2h5 Qg6f5
24.Nb1a3 e3
25.dxe3 fxe3
26.Kh1 Qf5e4
27.Ra1e1 Ne5g4
28.Kg1 Rf8f2
29.Rh3g3 Rf2f4
30.Na3c4 e2
31.Rg3f3 g6
32.Qh5h3 Nc6e7
33.Rf3xf4 Qe4xf4
34.Qh3xg4 Qf4xg4
35.Kf2 Qg4xg5
36.Re1xe2 Ne7f5
37.Re2e5 Qg5f4
38.Kg1 Qf4c1
39.Kh2 Qc1xc3
40.g4 Qc3g3
41.Kh1 Nf5h4
 { time }
0-1

[Event "Match"]
[Site "www.echecsemail.com"]
[Date "2018.04.04"]
[Round "1"]
[White "Sefj"]
[Black "Paco"]
[WhiteElo "1809"]
[BlackElo "2050"]
[Result "0-1"]
[Round "1"]
1.Ng1f3 d5
2.e4 d4
3.Bf1c4 Bc8g4
4.Bc4xf7 Kxf7
5.Nf3e5 Ke8
6.Qd1xg4 Ng8f6
7.Qg4e6 Qd8d6
8.Qe6c8 Qd6d8
9.Qc8xb7 Nb8d7
10.Ne5c6 Qd8c8
11.Qb7xc8 Ra8xc8
12.d3 a6
13.Nc6xd4 h5
14.Bc1g5 Nf6g4
15.Nd4e6 Kf7
 { time }
0-1

[Event "Match"]
[Site "www.echecsemail.com"]
[Date "2018.04.04"]
[Round "1"]
[White "Fegatux"]
[Black "Karlgrocer"]
[WhiteElo "2169"]
[BlackElo "2000"]
[Result "1-0"]
[Round "1"]
1.d4 d5
2.Nb1c3 e6
3.Ng1f3 Ng8f6
4.Bc1g5 Bf8e7
5.Bg5xf6 Be7xf6
6.e3 O-O
7.Bf1d3 a6
8.O-O Nb8d7
9.Nc3e2 c5
10.c3 c4
11.Bd3c2 b5
12.e4 dxe4
13.Bc2xe4 Ra8b8
14.Ne2f4 Bc8b7
15.Qd1c2 Bb7xe4
16.Qc2xe4 b4
17.Nf4h5 bxc3
18.bxc3 g6
19.Nh5xf6 Qd8xf6
20.Qe4c6 Rf8d8
21.Qc6xa6 Nd7b6
22.Ra1b1 Nb6d5
23.Rb1xb8 Rd8xb8
24.Qa6xc4 Qf6d8
25.Qc4d3 Rb8b2
26.c4 Nd5e7
27.Qd3a3 Rb2b8
28.Rf1d1 Ne7f5
29.d5 exd5
30.cxd5 Rb8a8
31.Qa3b3 Ra8b8
32.Qb3c4 Qd8d6
33.Qc4e4 Rb8b5
34.Qe4e8 Kg7
35.Qe8e5 Qd6xe5
36.Nf3xe5 Nf5d6
37.Ne5c6 Kf6
38.a4 Rb5b2
39.a5 Rb2a2
40.f3 Nd6c4
41.d6 Nc4xa5
42.Nc6xa5 Ra2xa5
43.d7 { resign }
1-0

[Event "Match"]
[Site "www.echecsemail.com"]
[Date "2018.04.04"]
[Round "1"]
[White "Sefj"]
[Black "Virgil08bv"]
[WhiteElo "1809"]
[BlackElo "2309"]
[Result "0-1"]
[Round "1"]
1.Ng1f3 Ng8f6
2.d4 e6
3.a3 b6
4.c4 Bc8b7
5.e3 g6
6.Nb1c3 Bf8g7
7.Bf1d3 O-O
8.Bc1d2 c5
9.Qd1c2 Bb7xf3
10.gxf3 cxd4
11.exd4 Nb8c6
12.Bd2e3 Nf6h5
13.Nc3b5 a6
14.Nb5d6 Qd8e7
15.Nd6e4 Nc6xd4
16.Qc2d1 d5
17.Ne4g5 h6
18.Ng5h3 Qe7h4
19.Nh3g1 dxc4
20.Bd3xc4 Nd4xf3
21.Ng1xf3 Qh4xc4
22.Be3xb6 Bg7xb2
 { time }
0-1

[Event "Match"]
[Site "www.echecsemail.com"]
[Date "2018.04.04"]
[Round "1"]
[White "Chapi"]
[Black "Sefj"]
[WhiteElo "2110"]
[BlackElo "2060"]
[Result "1-0"]
[Round "1"]
1.d4 e6
2.c4 b6
3.Nb1c3 c5
4.d5 d6
5.Ng1f3 h6
6.e4 e5
7.Bf1e2 Ng8f6
8.O-O Bf8e7
9.Nf3e1 Bc8d7
10.f4 exf4
11.Bc1xf4 g5
12.Bf4g3 h5
13.h4 Bd7g4
14.e5 Bg4xe2
15.Qd1xe2 dxe5
16.Bg3xe5 O-O
17.hxg5 Nf6g4
18.Nc3e4 Ng4xe5
19.Ne4f6 Be7xf6
20.gxf6 Ne5g4
21.Qe2f3 Qd8d6
22.g3 Rf8e8
23.Ne1g2 Nb8d7
24.Ra1e1 Nd7xf6
25.Ng2e3 Ng4xe3
26.Re1xe3 Re8xe3
27.Qf3xe3 Nf6g4
28.Qe3g5 Qd6g6
29.Rf1f5 Qg6xg5
30.Rf5xg5 Kh7
31.Rg5xh5 Kg6
32.Rh5h4 Kg5
33.Kg2 Ng4e3
34.Kf3 Ne3f5
35.Rh4g4 Kh6
36.Kf4 Nf5d4
37.Ke5 Kh5
38.Rg4f4 f5
39.Kd6 Kg5
40.Ke7 Nd4e2
41.Rf4f2 Ne2xg3
42.d6 a5
43.d7 Ng3e4
44.Rf2g2 Kf4
45.d8Q Ra8xd8
46.Kxd8  { time }
1-0

[Event "Match"]
[Site "www.echecsemail.com"]
[Date "2018.04.04"]
[Round "1"]
[White "Sefj"]
[Black "Krystek23"]
[WhiteElo "2060"]
[BlackElo "2500"]
[Result "0-1"]
[Round "1"]
1.Ng1f3 Ng8f6
2.d4 g6
3.b3 Bf8g7
4.Bc1b2 d5
5.e3 O-O
6.h3 Nf6e4
7.Nb1d2 c5
8.Nd2xe4 dxe4
9.Nf3g5 cxd4
10.exd4 Qd8a5
11.c3 Qa5xg5
 { time }
0-1

[Event "1/128 Finale"]
[Site "www.chess-mail.com"]
[Date "2018.04.04"]
[Round "1"]
[White "Drawlward"]
[Black "Gandalf50"]
[WhiteElo "2550"]
[BlackElo "1499"]
[Result "1-0"]
[Round "1"]
1.e4 c5
2.Ng1f3 d6
3.d4 cxd4
4.Nf3xd4 Ng8f6
5.Nb1c3 a6
6.Bc1e3 Nf6g4
7.Be3g5 h6
8.Bg5h4 g5
9.Bh4g3 Bf8g7
10.h3 Ng4e5
11.Nd4f5 Bc8xf5
12.exf5 Nb8c6
13.Nc3d5 e6
14.fxe6 fxe6
15.Nd5e3 d5
16.Bf1e2 Qd8a5
17.c3 O-O-O
18.O-O Kb8
19.b4 Qa5b6
20.a4 Ka8
21.a5 Qb6c7
22.b5 axb5
23.a6 b6
24.Be2xb5 Ka7
25.Qd1a4 Qc7c8
26.Ne3c2 Nc6a5
27.Nc2a3 Ne5c4
28.Bb5xc4 Na5xc4
29.Na3b5 Ka8
30.Nb5c7 Ka7
31.Qa4c6 { resign }
1-0

[Event "Fast Game"]
[Site "www.echecsemail.com"]
[Date "2018.04.04"]
[Round "1"]
[White "Hennie4820"]
[Black "Cal"]
[WhiteElo "1740"]
[BlackElo "1670"]
[Result "0-1"]
[Round "1"]
1.e4 e5
2.Ng1f3 d6
3.Bf1c4 h6
4.d4 Bc8g4
5.dxe5 Nb8c6
6.exd6 cxd6
7.O-O Ng8f6
8.Nb1c3 Bf8e7
9.Bc1f4 { time. }
0-1

[Event "Fast Game"]
[Site "www.echecsemail.com"]
[Date "2018.04.04"]
[Round "1"]
[White "Pellix84"]
[Black "Hennie4820"]
[WhiteElo "1580"]
[BlackElo "1760"]
[Result "0-1"]
[Round "1"]
1.d4 Ng8f6
2.c4 g6
3.Nb1c3 Bf8g7
4.e4 d6
5.h3 O-O
6.Bc1e3 e5
7.Bf1e2 Rf8e8
 { time }
0-1

[Event "Fast Game"]
[Site "www.echecsemail.com"]
[Date "2018.04.04"]
[Round "1"]
[White "Cal"]
[Black "Attatroll"]
[WhiteElo "1700"]
[BlackElo "1680"]
[Result "0-1"]
[Round "1"]
1.d4 e5
2.dxe5 Nb8c6
3.Ng1f3 Qd8e7
4.Bc1f4 Qe7b4
5.Bf4d2 Qb4xb2
6.Bd2c3 Bf8b4
7.Nf3d2 Bb4xc3
8.Nb1xc3 Qb2xc3
 { time }
0-1

[Event "Tourn. n9751"]
[Site "www.chess-mail.com"]
[Date "2018.04.05"]
[Round "1"]
[White "Sefj"]
[Black "Roserl"]
[WhiteElo "2279"]
[BlackElo "2280"]
[Result "0-1"]
[Round "1"]
1.Ng1f3 d5
2.e4 dxe4
3.Nf3g5 e6
4.Ng5xe4 Ng8f6
5.Nb1c3 Bf8e7
6.d4 O-O
7.Ne4xf6 Be7xf6
8.Bf1d3 Bf6xd4
9.Nc3b5 Bd4b6
10.Bc1h6 a6
11.Bh6xg7 Kxg7
12.Qd1g4 Kh8
13.Qg4h5 f5
 { time }
0-1

[Event "Tourn. n9733"]
[Site "www.chess-mail.com"]
[Date "2018.04.05"]
[Round "1"]
[White "Bojan"]
[Black "Sorim"]
[WhiteElo "1900"]
[BlackElo "2070"]
[Result "1-0"]
[Round "1"]
1.e4 c5
2.Ng1f3 Nb8c6
3.b3 e6
4.Bc1b2 d5
5.exd5 exd5
6.d3 Ng8f6
7.Qd1e2 Bc8e6
8.Nf3g5 Qd8d6
9.Nb1a3 Bf8e7
10.O-O-O Nc6d4
11.Bb2xd4 cxd4
12.Na3b5 Qd6b6
13.c4 a6
14.Ng5xe6 fxe6
15.Nb5xd4 Qb6xd4
16.Kb1 Kf7
17.a4 Nf6g4
18.Rd1d2 Be7f6
19.Rd2a2 Qd4c3
20.h3 Qc3xb3
21.Kc1 Bf6g5
22.Ra2d2 Qb3c3
23.Kd1 Qc3a1
24.Kc2 Qa1xa4
25.Kb1 Bg5xd2
26.Qe2xd2 Qa4b3
27.Ka1 Ng4f6
28.Bf1e2 Rh8c8
29.Rh1c1 Rc8c5
{ time. }
1-0

[Event "Tourn. n9774"]
[Site "www.chess-mail.com"]
[Date "2018.04.05"]
[Round "1"]
[White "Jazzy"]
[Black "Drawlward"]
[WhiteElo "2300"]
[BlackElo "2550"]
[Result "0-1"]
[Round "1"]
1.e4 c5
2.d3 Nb8c6
3.Ng1f3 g6
4.Nb1d2 Bf8g7
5.g3 d6
6.Bf1g2 e5
7.c3 Ng8e7
8.O-O O-O
9.Rf1e1 Bc8e6
10.c4 h6
11.Nd2f1 Qd8d7
12.Nf1e3 f5
13.Ne3d5 Rf8f7
14.Bc1d2 Ra8f8
15.Re1f1 fxe4
16.dxe4 Be6g4
17.Qd1c1 Bg4xf3
18.Bd2xh6 Bf3xg2
19.Kxg2 Bg7xh6
20.Qc1xh6 Ne7xd5
21.cxd5 Nc6d4
22.Qh6xg6 Rf7g7
23.Qg6h6 Qd7g4
24.Qh6d2 Qg4xe4
25.f3 Nd4xf3
{ resign }
0-1

[Event "Tourn. n9743"]
[Site "www.chess-mail.com"]
[Date "2018.04.05"]
[Round "1"]
[White "Gegonz"]
[Black "Maj16"]
[WhiteElo "1610"]
[BlackElo "1659"]
[Result "1-0"]
[Round "1"]
1.Ng1f3 d5
2.c4 c6
3.e3 Ng8f6
4.Nb1c3 a6
5.b3 g6
6.Bc1b2 Bf8g7
7.d4 O-O
8.Bf1e2 b5
9.O-O b4
10.Nc3a4 Nb8d7
11.a3 a5
12.axb4 axb4
13.cxd5 cxd5
14.Na4c5  { time }
1-0

[Event "Tourn. n9685"]
[Site "www.chess-mail.com"]
[Date "2018.04.05"]
[Round "1"]
[White "Hansen"]
[Black "Passaroa25"]
[WhiteElo "1550"]
[BlackElo "1670"]
[Result "0-1"]
[Round "1"]
1.e4 Nb8c6
2.Bf1b5 Ng8f6
3.d4 Nf6xe4
4.f3 Ne4d6
5.Nb1c3 e6
6.a3 Nd6f5
7.Bb5xc6 dxc6
8.Ng1e2 Bf8d6
9.g4 Nf5e7
10.O-O O-O
11.g5 g6
12.f4 Ne7f5
13.h3 Bc8d7
14.b4 b5
15.Nc3e4 Bd6e7
16.d5 exd5
17.Ne4c3 Bd7e6
18.Qd1d2 a6
19.a4 Be7xb4
20.axb5 cxb5
21.Ra1b1 Qd8d6
22.Nc3a2 Bb4xd2
23.Bc1xd2 Qd6c5
24.Kg2 Qc5xc2
25.Na2b4 Qc2xd2
26.Rf1f2 Nf5e3
27.Kf3 Be6xh3
28.Ne2g3 Bh3g2
29.Rf2xg2 Ne3xg2
30.Ng3f1 Qd2c3
31.Kxg2 Qc3c5
32.Nf1d2 Qc5d4
33.Nd2f3 Qd4xf4
34.Nb4xd5 Qf4g4
35.Kf2 c5
36.Nd5c7 Ra8a7
37.Nc7d5 Qg4c4
38.Nd5f6 Kg7
39.Nf3e5 Qc4f4
40.Kg1 Qf4xg5
41.Kf2 Qg5xf6
42.Ne5f3 c4
43.Rb1e1 Ra7e7
44.Re1f1 Rf8e8
45.Kg2 Re7e2
46.Kg3 Qf6d6
47.Kg4 Re2g2
48.Kh4 Qd6g3
{ resign }
0-1

[Event "Tourn. n9740"]
[Site "www.chess-mail.com"]
[Date "2018.04.05"]
[Round "1"]
[White "Jazzy"]
[Black "Aniruddhadg"]
[WhiteElo "2270"]
[BlackElo "2440"]
[Result "0-1"]
[Round "1"]
1.Ng1f3 Ng8f6
2.b3 b6
3.Bc1b2 Bc8b7
4.e3 g6
5.Bf1e2 c5
6.O-O Bf8g7
7.c4 O-O
8.d3 d5
9.Nb1d2 Nb8c6
10.Ra1b1 d4
11.e4 Nf6e8
12.Rf1e1 e5
13.Nd2f1 Ne8c7
14.a4 Qd8e7
15.Nf1g3 Nc7e6
16.Bb2c1 a5
17.Bc1d2 Nc6b4
18.Qd1c1 Qe7c7
19.Bd2h6 Ra8e8
20.Bh6xg7 Kxg7
21.Re1d1 Nb4a2
22.Qc1d2 Na2c3
23.h4 f5
24.exf5 gxf5
25.Rb1b2 e4
26.Nf3g5 e3
27.Ng3h5 Kh8
28.fxe3 Ne6xg5
29.hxg5 Re8xe3
30.Be2f3 Bb7xf3
31.Rd1f1 Nc3e2
32.Kh1 Bf3xh5
{ resign }
0-1

[Event "Tourn. n9759"]
[Site "www.chess-mail.com"]
[Date "2018.04.05"]
[Round "1"]
[White "Prize64"]
[Black "Mitja"]
[WhiteElo "2140"]
[BlackElo "2010"]
[Result "1-0"]
[Round "1"]
1.Ng1f3 d5
2.c4 dxc4
3.Nb1a3 e6
4.Na3xc4 c6
5.g3 h6
6.Bf1g2 Ng8f6
7.O-O Bf8c5
8.e3 a6
9.a4 b5
10.Nc4e5 Bc8b7
11.d4 Bc5a7
12.axb5 cxb5
13.Ne5xf7 Kxf7
14.Nf3e5 Kg8
15.Bg2xb7 Nb8d7
16.Bb7xa8 Qd8xa8
17.Qd1f3 Qa8xf3
18.Ne5xf3 Kh7
19.Ra1xa6 Rh8a8
20.Ra6xe6 { resign }
1-0